Statistics for Kirstie Alley Filmography

Click here to take the quiz!

General Stats

  • This quiz has been taken 6 times
    (3 since last reset)
  • The average score is 11 of 76

Answer Stats

TypeYearName% Correct
Film1989Look Who's Talking
100%
Film1995It Takes Two
100%
Film1990Look Who's Talking Too
100%
TV Show1987-1993Cheers
100%
Film1993Look Who's Talking Now
100%
TV Show2013-2014Kirstie
100%
TV Show2013, 2014Hot in Cleveland
100%
TV Show2005Fat Actress
50%
TV Show1991, 1993Saturday Night Live
50%
TV Film2003Profoundly Normal
50%
TV Film2002Salem Witch Trials
50%
TV Show1997-2000Veronica's Closet
50%
TV Mini-Series1985-1986North and South
50%
TV Show2016Scream Queens
50%
TV Film2004Family Sins
0%
TV Pilot2002Glory Days
0%
TV Show2001Dharma & Greg
0%
Film2004Back by Midnight
0%
TV Mini-Series2001Blonde
0%
Film1999Drop Dead Gorgeous
0%
TV Show2004Without a Trace
0%
Film1999The Mao Game
0%
TV Mini-Series1998The Last Don II
0%
TV Show1978Quark
0%
TV Film2004While I Was Gone
0%
TV Mini-Series1997The Last Don
0%
TV Film2007Write & Wrong
0%
TV Film2007The Minister of Divine
0%
TV Show2008The Hills
0%
TV Show2010Kirstie Alley's Big Life
0%
TV Show2011-2012Dancing with the Stars
0%
TV Film2012The Manzanis
0%
Film2013Syrup
0%
TV Film2013Baby Sellers
0%
Film2015Accidental Love
0%
TV Show2015The Middle
0%
Web Series2016Flaked
0%
TV Show2018Celebrity Big Brother
0%
TV Show2019The Goldbergs
0%
TV Show2006The King of Queens
0%
Film1997Nevada
0%
TV Film1997Toothless
0%
Film1988She's Having a Baby
0%
Film1983One More Chance
0%
TV Film1983Highway Honeys
0%
TV Show1983The Love Boat
0%
TV Show1983-1984 | 1990Masquerade
0%
Film1984Champions
0%
Film1984Blind Date
0%
Film1984Runaway
0%
TV Film1984Sins of the Past
0%
TV Film1985A Bunny's Tale
0%
TV Show1985, 1987The Hitchhiker
0%
TV Film1986Prince of Bel Air
0%
TV Film1986Stark: Mirror Image
0%
Film1987Summer School
0%
TV Film1987Infidelity
0%
Film1988Shoot to Kill
0%
TV Show1997Ink
0%
TV Film1995Peter and the Wolf
0%
Film1997For Richer of Poorer
0%
Film1997Deconstructing Harry
0%
Film1982Star Trek II: The Wrath of Khan
0%
TV Film1996Suddenly
0%
TV Film1996Radiant City
0%
Film1996Sticks & Stones
0%
Film1995Village of the Damned
0%
TV Special1988Mickey's 60th Birthday
0%
TV Film1994David's Mother
0%
TV Show1993Wings
0%
TV Show1991Fresh 'n' Blood
0%
Film1990Sibling Rivalry
0%
Film1990Madhouse
0%
Film1989Loverboy
0%
TV Film2020You Can't Take My Daughter
0%

Score Distribution

Percentile by Number Answered

Percent of People with Each Score

Your Score History

You have not taken this quiz since the last reset